LEADER 01192nam a2200253 u 4500 001 000000030511 003 CaOOAMICUS 005 20070226112033.0 008 970916q1966 be u000 u und u 035 $a10769569 040 $aPUL(R)$bita 100 1 $aDuesberg, Hilaire,$cO.S.B.,$dn. 1888.$0(OLS)http://pul/name/7243 245 14$aLes scribes inspires :$bintroduction aux livres sapientiaux de la Bible : Proverbes, Job, Ecclésiaste, Sagesse, Ecclésiastique /$cH. Duesberg et I. Fransen. 250 $aEd. remaniée. 260 $a[S.l.] :$bEd. de Maredsous,$c[1966?]$g(Tournai : Desclée) 300 $a936 p. ;$c23 cm 500 $aIndici : p. [895]-936. 700 1 $aFransen, Irénée,$cO.S.B.,$d1921-$0(OLS)http://pul/name/7244 850 $aPUL 852 $aPUL$W1$xSL Religione 1$y3$m5 H 11$j42157$nBK-PRI$b $qStampati$B42157$CPULBib$Z2$F42157 $H $81 941 1 $a8 961 $aINV: 27131 996 $6245$aLes scribes inspires :$bintroduction aux livres sapientiaux de la Bible : Proverbes, Job, Ecclésiaste, Sagesse, Ecclésiastique$9(OLS)http://pul/title/41915 996 $6260$a[S.l.] :$bEd. de Maredsous$9(OLS)http://pul/publisher/60695 LEADER 01319nam a2200289 a 4500 001 000000119088 003 CaOOAMICUS 005 20150623122618.0 008 100108s2009 it aboe u000 u ita r 040 $aPUL$bita$dReb 245 00$aTutankhamon /$ctesti Alessia Amenta ; foto Araldo De Luca. 260 $aVercelli :$bWhite Star,$c©2009$aMilano :$bIl Sole 24 ore 300 $a159 p. :$bill., foto, c. geogr. ;$c29 cm 490 1 $aAntico Egitto ;$v06 500 $aEdizione speciale riadattata nel 2009 Arnoldo Mondadori Editore S. p. A. 600 04$aTutankhamen,$cre d'Egitto.$0(OLS)http://pul/subject/36237 651 4$aEgitto$xCiviltà.$0(OLS)http://pul/subject/4215 651 4$aEgitto$xRe e governanti.$0(OLS)http://pul/subject/29871 700 1 $aDe Luca, Araldo.$0(OLS)http://pul/name/74448 700 1 $aAmenta, Alessia.$0(OLS)http://pul/name/74447 830 0$aAntico Egitto ;$v06.$0(OLS)http://pul/title/132781 850 $aPUL 852 $aPUL$W1$xDP2 Filosofia 3$y112$m932 COLL 1.6$j136654$qDDC 21$B135669$CPULBib$Z2$F135669 $H112302 $82 941 1 $a9 996 $6245$aTutankhamon$9(OLS)http://pul/title/119405 996 $6260$aVercelli :$bWhite Star$9(OLS)http://pul/publisher/79250 996 $6260$aMilano :$bIl Sole 24 ore$9(OLS)http://pul/publisher/69212 LEADER 01303nam a2200289 a 4500 001 000000123076 003 CaOOAMICUS 005 20100927101044.0 008 100927t2008 ctud u000 u eng r 020 $a978-0-300-14045-3 040 $aPUL$bita 130 0 $aBiblia.$pN.T.$pAd Philippenses.$lInglese.$0(OLS)http://pul/title/41536 245 10$aPhilippians :$ba new translation with introduction and commentary /$cJohn Reumann. 260 $aNew Haven and London :$bYale University press,$c©2008. 300 $axxiv, 805 p. :$bgrafici ;$c24 cm 490 1 $aAnchor Yale Bible ;$v33B 500 $aComprende indici. 630 04$aBiblia.$pN.T.$pAd Philippenses$xCommenti.$0(OLS)http://pul/subject/8031 700 1 $aReumann, John.$0(OLS)http://pul/name/8357 830 0$aAnchor Yale Bible ;$v33B.$0(OLS)http://pul/title/155114 850 $aPUL 852 $aPUL$W1$xSL Religione 1$y3$m1(6) G 33B$j141444$qStampati$B140476$CPULBib$Z2$F140476 $H114814 $82 941 1 $a8 996 $6020$a978-0-300-14045-3$9(OLS)http://pul/number/145431 996 $6245$aPhilippians :$ba new translation with introduction and commentary$9(OLS)http://pul/title/155113 996 $6260$aNew Haven and London :$bYale University press$9(OLS)http://pul/publisher/75529 LEADER 01468nam a2200349 a 4500 001 000000124726 003 CaOOAMICUS 005 20110404111418.0 008 110316s2010 it u000 u ita r 020 $a978-88-7462-342-6 040 $aPUL$bita 041 1 $aita$heng 082 04$a192 100 1 $aWisdom, John,$d1904-1993.$0(OLS)http://pul/name/78775 240 10$aLogic of God.$lItaliano.$0(OLS)http://pul/title/157223 245 13$aLa logica di Dio e altri saggi sulla religione /$cJohn Wisdom ; a cura e con introduzione di Roberto Brigati. 260 $aMacerata :$bQuodlibet,$c©2010. 300 $axxxiii, 127 p. ;$c24 cm 490 1 $aLe forme dell'anima ;$v11 504 $aBibliografia p. [123]-124. 650 4$aPositivismo logico.$0(OLS)http://pul/subject/454 650 4$aFilosofia$xLogica.$0(OLS)http://pul/subject/16789 700 1 $aBrigati, Roberto.$0(OLS)http://pul/name/34586 830 0$aForme dell'anima ;$v11.$0(OLS)http://pul/title/157209 850 $aPUL 852 $aPUL$W1$xSL Filosofia 3$y81$m192 WISJO 1$j143612$qDDC 21$B142644$CPULBib$Z2$F142644 $H115780 $82 941 1 $a9 996 $6020$a978-88-7462-342-6$9(OLS)http://pul/number/146710 996 $6082$a192$9(OLS)http://pul/classification/525 996 $6245$aLa logica di Dio e altri saggi sulla religione$9(OLS)http://pul/title/157224 996 $6260$aMacerata :$bQuodlibet$9(OLS)http://pul/publisher/70121 LEADER 01509nam a2200277 a 4500 001 000000148410 003 CaOOAMICUS 005 20160111105319.0 008 160111s2012 it f frm l000 0 fre r 032 $aLibriCat 040 $aPUL$bita 100 1 $aNabaloum, Emmanuel.$0(OLS)http://pul/name/94759 245 10$aCes fils de Dieu appelés fous : $bles malades mentaux dans le contexte de l'Eglise-Famille de Dieu au Burkina Faso. Approche théologico-pastorale / $cEmmanuel Nabaloum. 260 $aRomae :$b[s.n.],$c2012. 300 $a363 p.:$btav.;$c24 cm 502 $aTesi di Dottorato in Teologia Pastorale Sanitaria-- Institutum Internationale Theologiae Pastoralis Sanitariae Camillianum, 2012. 504 $aBibliografia: p.329-358. 650 4$aMalattie$xAspetti morali e religiosi.$0(OLS)http://pul/subject/13246 650 4$aTeologia pastorale$zAfrica.$0(OLS)http://pul/subject/5744 710 1 $aPontificia Università Lateranense. Facoltà di Teologia. Institutum Internationale Theologiae pastoralis sanitariae Camillianum.$0(OLS)http://pul/name/93164 850 $aPUL 852 $aPUL$W1$xDP1 Tesi Camillianum$y123$m2012 B 1$j149092$qTesi$B172285$CPULBib$Z2$F172285 $82 941 1 $a16 996 $6245$aCes fils de Dieu appelés fous : $bles malades mentaux dans le contexte de l'Eglise-Famille de Dieu au Burkina Faso. Approche théologico-pastorale / $9(OLS)http://pul/title/187223 996 $6260$aRomae :$b[s.n.]$9(OLS)http://pul/publisher/48223 LEADER 01394nam a2200325 a 4500 001 000000122817 003 CaOOAMICUS 005 20100830141923.0 008 100830t2010 it u000 u ita r 020 $a978-88-598-0557-1 040 $aPUL$bita$dReb 082 04$a345.45 245 00$aEnti e responsabilità da reato /$ca cura di Alberto Cadoppi, Giulio Garuti, Paolo Veneziani. 260 $aTorino :$bUTET Giuridica,$c©2010. 300 $axxix, 863 p. ;$c25 cm. 490 1 $aLe leggi commentate 500 $aTesto su due colonne. 504 $aBibliografia in nota. 650 4$aResponsabilità amministrativa.$0(OLS)http://pul/subject/13642 700 1 $aCadoppi, Alberto,$d1957-$0(OLS)http://pul/name/59414 700 1 $aVeneziani, Paolo.$0(OLS)http://pul/name/64154 700 1 $aGaruti, Giulio.$0(OLS)http://pul/name/65959 830 3$aLe leggi commentate (UTET).$0(OLS)http://pul/title/65517 850 $aPUL 852 $aPUL$W1$xSL Diritto e Scienze Sociali 3$y79$m345. 45 CADAL 4$j141061$qDDC 21$B140141$CPULBib$Z2$F140141 $H114553 $82 941 1 $a9 996 $6020$a978-88-598-0557-1$9(OLS)http://pul/number/145240 996 $6082$a345.45$9(OLS)http://pul/classification/371 996 $6245$aEnti e responsabilità da reato$9(OLS)http://pul/title/154818 996 $6260$aTorino :$bUTET Giuridica$9(OLS)http://pul/publisher/79191